Statistics for English Irregular Past Participles Quiz

Click here to take the quiz!

General Stats

  • This quiz has been taken 139 times
  • The average score is 64 of 87

Answer Stats

InfinitivePast SimplePast Participle% Correct
cutcutcut
92%
betbetbet
91%
bewas, werebeen
89%
buyboughtbought
89%
becomebecamebecome
88%
catchcaughtcaught
88%
costcostcost
88%
dodiddone
88%
drinkdrankdrunk
88%
eatateeaten
88%
feelfeltfelt
88%
bringbroughtbrought
87%
buildbuiltbuilt
87%
choosechosechosen
87%
beatbeatbeaten
86%
beginbeganbegun
86%
breakbrokebroken
86%
burnburntburnt
86%
burstburstburst
86%
bitebitbitten
84%
bleedbledbled
84%
drivedrovedriven
84%
feedfedfed
83%
fightfoughtfought
83%
comecamecome
82%
digdugdug
82%
findfoundfound
82%
getgotgot
82%
dreamdreamtdreamt
80%
fallfellfallen
80%
forgetforgotforgotten
80%
bendbentbent
79%
awakeawokeawoken
78%
drawdrewdrawn
78%
havehadhad
78%
hurthurthurt
78%
meetmetmet
78%
flyflewflown
76%
givegavegiven
76%
makemademade
76%
blowblewblown
75%
hithithit
75%
letletlet
75%
readreadread
75%
runranrun
75%
leadledled
74%
leaveleftleft
74%
loselostlost
74%
putputput
74%
arisearosearisen
72%
gowentgone
72%
holdheldheld
72%
keepkeptkept
72%
hearheardheard
71%
learnlearntlearnt
71%
paypaidpaid
71%
sleepsleptslept
71%
hidehidhidden
70%
saysaidsaid
70%
growgrewgrown
68%
sitsatsat
68%
sendsentsent
68%
sellsoldsold
68%
knowknewknown
67%
rideroderidden
67%
seesawseen
67%
shootshotshot
67%
spendspentspent
67%
speakspokespoken
66%
standstoodstood
64%
shutshutshut
62%
stealstolestolen
62%
writewrotewritten
62%
singsangsung
61%
thinkthoughtthought
61%
understandunderstoodunderstood
61%
taketooktaken
59%
winwonwon
59%
telltoldtold
58%
ringrangrung
55%
teachtaughttaught
55%
swimswamswum
53%
throwthrewthrown
53%
showshowedshown
50%
wearworeworn
46%
teartoretorn
39%
lielaylain
38%

Score Distribution

Percentile by Number Answered

Percent of People with Each Score

Your Score History

You have not taken this quiz